A Christian Response to the Hindu Philosophical systems (Record no. 20177)

MARC details
000 -LEADER
fixed length control field 00334nam a22001337a 4500
020 ## - INTERNATIONAL STANDARD BOOK NUMBER
ISBN 81-86791-39-6
082 ## - DEWEY DECIMAL CLASSIFICATION NUMBER
Classification number 001.42 ALE
100 ## - MAIN ENTRY--AUTHOR NAME
Author name Aleaz, P.K.
245 ## - TITLE STATEMENT
Title A Christian Response to the Hindu Philosophical systems
260 ## - PUBLICATION, DISTRIBUTION, ETC. (IMPRINT)
Place of publication Kolkata
Name of publisher Punthi Pustak
Year of publication 2003
300 ## - PHYSICAL DESCRIPTION
Number of Pages 344
650 ## - SUBJECT ADDED ENTRY--TOPICAL TERM
Topical Term Research-Methodology
942 ## - ADDED ENTRY ELEMENTS (KOHA)
Koha item type Books
Holdings
Collection code Home library Current library Shelving location Date acquired Source of acquisition Cost, normal purchase price Full call number Accession Number Koha item type
Reference Henry Martyn Institute Library Henry Martyn Institute Library Reference 11/08/2016 amazon 1485.00 001.42 ALE 25102 E-Books
                   Copyright © 2026 | Henry Martyn Institute | Hyderabad | TS-500052 | INDIA | Implemented by hmi.edu.in
Hit-Count:

Powered by Koha